Microbial ecology. (Record no. 524)
[ view plain ]
| 000 -LEADER | |
|---|---|
| fixed length control field | 00350cam a2200145 4500 |
| 020 ## - INTERNATIONAL STANDARD BOOK NUMBER | |
| ISBN | 0471020540 |
| 050 00 - CALL NUMBER | |
| Classification number | QR100 |
| Item number | .A2 |
| 100 1# - AUTHOR | |
| Personal name | Alexander, Martin, |
| 245 00 - TITLE | |
| Title | Microbial ecology. |
| 260 ## - PUBLICATION INFORMATION | |
| Place of publication | New York, |
| Name of publisher | Wiley |
| Year of publication | [1971] |
| 300 ## - DESCRIPTION | |
| Number of Pages | x, 511 p. |
| Other physical details | illus., maps. |
| Dimensions | 24 cm. |
| 500 ## - NOTES | |
| General note | includes index |
| 650 #0 - SUBJECTS | |
| Topical Term | Microbial ecology. |
| 942 ## - ADDED ENTRY ELEMENTS (KOHA) | |
| Koha item type | Books |
| Withdrawn status | Lost status | Home library | Current library | Date acquired | Full call number | Accession Number | Koha item type |
|---|---|---|---|---|---|---|---|
| Methodist University Library Wenchi Faculty | Methodist University Library Wenchi Faculty | 27/10/2017 | QR100 .A2 | 19833 | Books |